Documenting Software Architectures : (Record no. 16816)
[ view plain ]
| 000 -LEADER | |
|---|---|
| fixed length control field | 01174cam a2200277 a 4500 |
| 001 - CONTROL NUMBER | |
| control field | 16281814 |
| 005 - DATE AND TIME OF LATEST TRANSACTION | |
| control field | 20110316121239.0 |
| 008 - FIXED-LENGTH DATA ELEMENTS--GENERAL INFORMATION | |
| fixed length control field | 100614s2011 njua b 001 0 eng |
| 020 ## - INTERNATIONAL STANDARD BOOK NUMBER | |
| International Standard Book Number | 0321552687 (hardcover : alk. paper) |
| 020 ## - INTERNATIONAL STANDARD BOOK NUMBER | |
| International Standard Book Number | 9780321552686 (hardcover : alk. paper) |
| 040 ## - CATALOGING SOURCE | |
| Original cataloging agency | DLC |
| Transcribing agency | DLC |
| Modifying agency | BTCTA |
| -- | BAKER |
| -- | YDXCP |
| -- | UKM |
| -- | C#P |
| -- | BWX |
| -- | CDX |
| -- | DLC |
| 082 00 - DEWEY DECIMAL CLASSIFICATION NUMBER | |
| Classification number | 005.15 |
| Edition number | 22 |
| Item number | DOC |
| 245 00 - TITLE STATEMENT | |
| Title | Documenting Software Architectures : |
| Remainder of title | Views and Beyond / |
| Statement of responsibility, etc | Paul Clements ... [et al.]. |
| 250 ## - EDITION STATEMENT | |
| Edition statement | 2nd ed. |
| 260 ## - PUBLICATION, DISTRIBUTION, ETC. (IMPRINT) | |
| Place of publication, distribution, etc | Upper Saddle River, NJ : |
| Name of publisher, distributor, etc | Addison-Wesley, |
| Date of publication, distribution, etc | c2011. |
| 300 ## - PHYSICAL DESCRIPTION | |
| Extent | xxxix, 537 p. : |
| Other physical details | ill. ; |
| Dimensions | 25 cm. |
| 490 1# - Series Statement | |
| Series statement | SEI series in software engineering |
| -- | 30327 |
| 504 ## - BIBLIOGRAPHY, ETC. NOTE | |
| Bibliography, etc | Includes bibliographical references and index. |
| 650 #0 - SUBJECT ADDED ENTRY--TOPICAL TERM | |
| Topical term or geographic name as entry element | Computer architecture. |
| 9 (RLIN) | 30328 |
| 650 #0 - SUBJECT ADDED ENTRY--TOPICAL TERM | |
| Topical term or geographic name as entry element | Software documentation. |
| 9 (RLIN) | 30329 |
| 653 ## - INDEX TERM--UNCONTROLLED | |
| Resource For college | |
| Arrived date list | July2012 |
| 700 1# - ADDED ENTRY--PERSONAL NAME | |
| Personal name | Clements, Paul, |
| Dates associated with a name | 1955- |
| 9 (RLIN) | 30330 |
| 942 ## - ADDED ENTRY ELEMENTS (KOHA) | |
| Source of classification or shelving scheme | Dewey Decimal Classification |
| Item type | Book - Borrowing |
| Withdrawn status | Item status | Source of classification or shelving scheme | Damaged status | Not for loan | Vendor | Home library | Current library | Shelving location | Date acquired | Source of acquisition | Cost, normal purchase price | Serial Enumeration / chronology | Total Checkouts | Total Renewals | Full call number | Barcode | Date last seen | Date last borrowed | Koha item type |
|---|---|---|---|---|---|---|---|---|---|---|---|---|---|---|---|---|---|---|---|
| Dewey Decimal Classification | Baccah | Central Library | Central Library | Lower Floor | 04/07/2012 | 360.00 | 15423 | 3 | 8 | 005.15 DOC | 000026908 | 15/07/2025 | 28/03/2015 | Book - Borrowing |